000 01105nac a22002897a 4500
001 BR7902869
003 BR-BrBNA
005 20240105114431.0
008 230509b bl.|||m| |||| 00| 0 por d
040 _aBR-BrBNA
_bpor
_cBiblioteca Nacional de Agricultura
072 _aE30; C00
090 _aE30 BR7902869
110 1 _aEmpresa de Assistencia Tecnica e Extensao Rural do Estado de Mato Grosso, Cuiaba (Brasil)
_94017
245 1 _aRelatorio de atividades 1977 [Extensao Rural; Credito rural; Projeto agricola; Empresa de Assistencia Tecnica e Extensao rural do Estado de Mato Grosso; Brasil]
260 3 _aCuiaba, MT (Brasil):
_c1978.
300 _a53 p.
490 _aSerie Relatorios - Empresa de Assistencia Tecnica e Extensao Rural do Estado de Mato Grosso (Brazil)
_vno. 1
_x
500 _a16 illus; 39 tables
650 _aDesenvolvimento agricola
650 _aExtensao rural
650 _aProjeto agricola
650 _aProjeto pecuario
650 _aDesenvolvimento rural
650 _aMato Grosso
909 _a202312
_bLúcia Elande
_c55
_dLúcia Elande
942 _2AGRIS
_n0
_cMS
999 _c269332
_d269332